Standard Handbook for Civil Engineers / (Record no. 2124)
[ view plain ]
| 000 -LEADER | |
|---|---|
| fixed length control field | 01270nac a22002651u 4500 |
| 008 - FIXED-LENGTH DATA ELEMENTS--GENERAL INFORMATION | |
| fixed length control field | 100906t xxu||||| |||| 00| 0 eng d |
| 010 ## - LIBRARY OF CONGRESS CONTROL NUMBER | |
| LC control number | 2003061440 |
| 020 ## - INTERNATIONAL STANDARD BOOK NUMBER | |
| International Standard Book Number | 0071364730 (acid-free paper) |
| 082 00 - DEWEY DECIMAL CLASSIFICATION NUMBER | |
| Classification number | 624 |
| Item number | CIV |
| 100 ## - MAIN ENTRY--PERSONAL NAME | |
| Personal name | 20080729 |
| 9 (RLIN) | 18142 |
| 245 00 - TITLE STATEMENT | |
| Title | Standard Handbook for Civil Engineers / |
| Statement of responsibility, etc | Editors, Jonathan T. Ricketts, M. Kent Loftin, Frederick S. Merritt. |
| 250 ## - EDITION STATEMENT | |
| Edition statement | 5th ed. |
| 260 ## - PUBLICATION, DISTRIBUTION, ETC. (IMPRINT) | |
| Place of publication, distribution, etc | New York : |
| Name of publisher, distributor, etc | McGraw-Hill, |
| Date of publication, distribution, etc | 2004. |
| 300 ## - PHYSICAL DESCRIPTION | |
| Extent | 1 v. (various pagings) : |
| Other physical details | ill. ; |
| Dimensions | 25 cm. |
| 504 ## - BIBLIOGRAPHY, ETC. NOTE | |
| Bibliography, etc | Includes bibliographical references and index. |
| 650 #0 - SUBJECT ADDED ENTRY--TOPICAL TERM | |
| Topical term or geographic name as entry element | Civil engineering |
| Form subdivision | Handbooks, manuals, etc. |
| 9 (RLIN) | 18143 |
| 700 1# - ADDED ENTRY--PERSONAL NAME | |
| Personal name | Ricketts, Jonathan T. |
| 9 (RLIN) | 18144 |
| 700 1# - ADDED ENTRY--PERSONAL NAME | |
| Personal name | Loftin, M. Kent. |
| 9 (RLIN) | 18145 |
| 700 1# - ADDED ENTRY--PERSONAL NAME | |
| Personal name | Merritt, Frederick S. |
| 9 (RLIN) | 18146 |
| 856 42 - ELECTRONIC LOCATION AND ACCESS | |
| Materials specified | Contributor biographical information |
| Uniform Resource Identifier | <a href="http://www.loc.gov/catdir/bios/mh041/2003061440.html">http://www.loc.gov/catdir/bios/mh041/2003061440.html</a> |
| 856 42 - ELECTRONIC LOCATION AND ACCESS | |
| Materials specified | Table of contents |
| Uniform Resource Identifier | <a href="http://www.loc.gov/catdir/toc/mh041/2003061440.html">http://www.loc.gov/catdir/toc/mh041/2003061440.html</a> |
| 856 42 - ELECTRONIC LOCATION AND ACCESS | |
| Materials specified | Publisher description |
| Uniform Resource Identifier | <a href="http://www.loc.gov/catdir/description/mh041/2003061440.html">http://www.loc.gov/catdir/description/mh041/2003061440.html</a> |
| 942 ## - ADDED ENTRY ELEMENTS (KOHA) | |
| Item type | Reference (NB) |
| Call number prefix | 624CIV |
| Source of classification or shelving scheme | Dewey Decimal Classification |
| Withdrawn status | Item status | Source of classification or shelving scheme | Damaged status | Not for loan | Vendor | Home library | Current library | Shelving location | Date acquired | Source of acquisition | Cost, normal purchase price | Total Checkouts | Total Renewals | Full call number | Barcode | Date last seen | Date last borrowed | Cost, replacement price | Koha item type |
|---|---|---|---|---|---|---|---|---|---|---|---|---|---|---|---|---|---|---|---|
| Dewey Decimal Classification | Central Library | Central Library | First floor | 06/09/2010 | 1200.00 | 2 | 3 | 624 CIV | 000002124 | 15/07/2025 | 17/10/2011 | 1500.00 | Book - Borrowing |